00796cam a2200277 i 45000010008000000030004000080050017000120080041000290100017000700150009000870200026000960200032001220400018001540500027001720820027001991000026002262450045002522600043002973000028003404900058003685410006004265620006004326500031004386550022004697000027004912755295OSt20140310182446.0791219s1980 enk b 000 0 eng  a 79041637  aGB80 a9780817216535c£8.00 a041617860X (pbk.) :c£1.60 aDLCcDLCdDLC00aPR 2878.R6b.Sh75 1991 aHS 822.3'3 bSh75 19991 aShakespeare, William,10aRomeo and Juliet /cWilliam Shakespeare. aU.S.A :bRaintree Publishers, cc1991. a48 p. :c24 cm.bill, ;0 aThe Arden edition of the works of William Shakespeare j1 e1 0aLiteraturexRomeoxJuliet  7aTragedies.2gsafd1 aGibbons, Brian,d1938-